000
nam a22 7a 4500
999
_c
232540
_d
232540
003
ASAB
005
20170220160556.0
008
170220b xxu||||| |||| 00| 0 eng d
040
_c
ASAB
082
_a
574.87 KUM
245
_a
Recombinant DNA and Biotechnology
_c
R.N. Kumar
942
_2
ddc
_c
BK